000 00395nam a2200169Ia 4500
001 31423
003 IN-NITTTR
005 20251114233421.0
008 251113s9999||||xx |||||||||||||| ||eng||
040 _beng
040 _cIN-NITTTR
041 _aeng
082 _a658.562 R14T
100 _aRamasamy, Subburaj
245 0 _aTotal quality management /
_cRamasamy, Subburaj
942 _2ddc
_cBK
999 _c34053
_d34053